000 00531nam a2200181 i 4500
001 bg
100 1 _aGRUM-GRŻIMAJLO, S. V.
245 0 _aPribory i metody dlja opticeskogo issledowanija kristallov /
_cS. V. Grum-Grżimajlo.
260 _aMoskva :
_bIzdat. "Nauka",
_c1973.
300 _as. 126, nlb. 2 :
_brys., ilustr., tab., tabl.
500 _a[Alf. ros.].
504 _a[Zawiera bibliogr. s. 123-125].
040 _cBPK
041 _apol
080 _a548.0
942 _cKS
008 s pl f |000 0 pol
999 _c15391
_d15391
856 _uhttp://koha.tu.koszalin.pl/cgi-bin/koha/opac-detail.pl?biblionumber=15391
_yKatalog online BPK